00601 2200229 4500001002100000005001700021008004100038020001800079035002400097090001500121100001700136245005800153250001200211260003100223300002400254500002700278650001500305850001500320980001500335985000600350999001500356YOGYA-0209000003220120090227024648.0 ind  a979-413-218-7 0010-020900000032201 a531bFri M aFRICK, Heinz aMatematika teknikbstatika & kegunaannyacHeinz Frick aCet. 10 aYogyakartabKanisiusc1993 a...jilbilusc21 cm aYang diterima : Jil. 1 aMatematika aYOPDYOG(B) a03-01-2007 a1 a95P0058943